| 000 | 00427 a2200157 4500 | ||
|---|---|---|---|
| 020 | _a0002115603 | ||
| 040 |
_aLibrary of Congress _bEnglish |
||
| 082 | 0 | 0 | _a944.050924 |
| 100 | 1 | _aCronin, Vincent. | |
| 245 | 0 | 0 | _aNapoleon |
| 260 |
_aLondon, _bCollins, _c1971. |
||
| 300 |
_a480 p., 13 plates. _billus., port. _c24 cm. |
||
| 500 | _aIllus. on lining papers. | ||
| 600 | 0 | 0 |
_aNapoleon _d1769-1821. |
| 942 |
_cBK _k944.050924 CRO _2ddc |
||
| 999 |
_c10023 _d10023 |
||